| Tag |
First Indicator |
Second Indicator |
Subfields |
| LEADER |
00000cam a2200000Ki 4500 |
| 001 |
in00003493621 |
| 005 |
20151206125607.0 |
| 006 |
m fo d |
| 007 |
cr unu|||||||| |
| 008 |
150130s2015 txu obm 000 0 eng d |
| 035 |
|
|
|a (OCoLC)ocn901401822
|
| 035 |
|
|
|a (OCoLC)901401822
|
| 035 |
|
|
|a (TxCM)http://hdl.handle.net/1969.1/152452
|
| 040 |
|
|
|a TXA
|b eng
|e rda
|e pn
|c TXA
|d UtOrBLW
|
| 049 |
|
|
|a TXAM
|
| 099 |
|
|
|a 2014
|a Thesis
|a 1969.1/152452
|
| 100 |
1 |
|
|a Kumar, Rahul Pradeep,
|e author.
|
| 245 |
1 |
0 |
|a Investigating the Effect of Oil Saturation on Acid Propagation during Matrix Acidization of Carbonate Rocks /
|c by Rahul Kumar.
|
| 264 |
|
1 |
|a [College Station, Texas] :
|b [Texas A & M University],
|c [2015]
|
| 300 |
|
|
|a 1 online resource.
|
| 336 |
|
|
|a text
|b txt
|2 rdacontent
|
| 337 |
|
|
|a computer
|b c
|2 rdamedia
|
| 338 |
|
|
|a online resource
|b cr
|2 rdacarrier
|
| 347 |
|
|
|a text file
|b PDF
|2 rda
|
| 500 |
|
|
|a "Major Subject: Petroleum Engineering"
|
| 500 |
|
|
|a Includes vita.
|
| 502 |
|
|
|b Master of Science
|c Texas A & M University
|d 2014
|o http://hdl.handle.net/1969.1/152452
|
| 504 |
|
|
|a Includes bibliographical references.
|
| 516 |
|
|
|a Text (Thesis)
|
| 520 |
3 |
|
|a The existence of an optimum injection rate for wormhole propagation, and face dissolution at low injection rates during matrix acidizing are well established. However, little has been documented that describes how the presence of residual oil affects carbonate acidizing. This study demonstrates the impact of oil saturation on wormholing characteristics while acidizing field and outcrop cores under reservoir conditions (200°F). Knowledge of the effect of different saturation conditions on acid performance will contribute towards designing more effective acid treatments. Coreflood experiments at flow rates ranging from 0.5 to 20 cm³/min were performed to determine the optimum injection rate for wormhole propagation when acidizing homogeneous calcite and dolomite reservoir cores, and low permeability Indiana limestone cores of dimensions 3 and 6 in. length and 1.5 in. diameter. Absolute permeability of the cores ranged from 1 to 78 md. The study involved acidizing cores saturated with water, oil, and waterflood residual oil using 15 wt% HCl. The viscosity of the crude oil used was 3.8 cP at 200°F. CAT scans were used to characterize wormholes through the cores. The concentrations of the dissolved calcium and magnesium ions were measured using Inductively Coupled Plasma-Optical Emission Spectroscopy (ICP-OES) and the effluent samples were titrated to determine the concentration of the acid. HCl was effective in creating wormholes with minimal branches for cores with residual oil (Sor=0.4-0.5) at injection rates 0.5 to 20 cm³/min. Compared to brine and oil saturated cores, waterflood residual oil cores took less acid volume to cause breakthrough. Additionally, the wormholing efficiency of regular acid improved with increases in acid injection rates in the presence of residual oil. A decrease in acid pore volumes to breakthrough for oil saturated cores was noted at high acid injection rates, which could be attributed to viscous fingering of acid through oil. Unlike brine saturated and oil saturated cores, waterflood residual oil cores showed no face dissolution at low acid injection rates. Conclusions from this work aid in the designing of better acid jobs by highlighting the impact of oil saturation on wormholing characteristics of acid while acidizing carbonate rocks. The electronic version of this dissertation is accessible from http://hdl.handle.net/1969.1/152452
|
| 588 |
|
|
|a Description from author supplied metadata (automated record created 2015-01-09 15:04:43).
|
| 650 |
|
4 |
|a Major Petroleum Engineering.
|
| 653 |
|
|
|a Oil Saturation
|
| 653 |
|
|
|a Acid Propagation
|
| 653 |
|
|
|a Matrix Acidization
|
| 653 |
|
|
|a Carbonate Rocks
|
| 700 |
1 |
|
|a Nasr-El-Din, Hisham,
|e thesis advisor.
|
| 710 |
2 |
|
|a Texas A & M University,
|e degree granting institution.
|
| 856 |
4 |
0 |
|u http://hdl.handle.net/1969.1/152452
|z Link to OAK Trust copy
|t 0
|
| 994 |
|
|
|a C0
|b TXA
|
| 948 |
|
|
|a cataloged
|b h
|c 2015/1/30
|d o
|e mbradley
|f 9:34:20 am
|
| 999 |
|
|
|a MARS
|
| 999 |
f |
f |
|s e21b39f1-5b36-3246-b64c-101c2fbe1018
|i 5c575546-d757-3d9b-96cf-3ada20f7146d
|t 0
|
| 952 |
f |
f |
|a Texas A&M University
|b College Station
|c Electronic Resources
|d Available Online
|t 0
|e 2014 Thesis 1969.1/152452
|h Other scheme
|
| 998 |
f |
f |
|a 2014 Thesis 1969.1/152452
|t 0
|l Available Online
|